000 00501nam a2200193Ia 4500
003 GCL
008 140319s9999 xx 000 0 eng d
020 _a1564967204
040 _aGCL /
_cGCL
082 0 4 _a752
_bG C
100 1 _aGILL, MARTHA
245 1 0 _aCOLOR HARMONY PASTELS /
_cGILL, MARTHA
260 _aنيويورك :
_bROCKPORT PUBLISHERS INC. ،
_c2000
300 _a20 CM ؛
_c143 P
650 0 4 _aPASTEL
650 0 4 _aPASTEL DRAWING TECHNIQUE
650 0 4 _aCOLORES
942 _2ddc
_cBK
999 _c6572
_d6572